01615nam a2200325 a 4500001001000000003000900010005001700019007000300036008003600039040003400075082002900109100003500138100001900173245007500192260003600267300002000303336002700323337003300350338002800383500006000411500005400471505043500525590002600960650005200986650006001038910003901098942001201137952012301149999001701272000008995DO-SdBPM20250624130156.0ta090922t1984 dr 000 e spa d aDO-SdBPMbspacBPMSU erdad  aRD864.44bC422s 19832221 aCéspedes, Diógenes,d1941-z aCéspedes, D.10aSeis ensayos sobre poética latinoamericana /cDiógenes Céspedes. aSanto Domingo :bTaller,c1984. a220p. ;c23 cm. atextobtxt2rdacontent asin mediaciónbn2rdamedia avolumenbnc2rdacarrier aIncluye bibliografía y notas al pie de las páginas. aIncluye datos biográficos en la contracubierta. aIntroducción, 9.-- Situación de Rubén Darío ante el lenguaje y la poesía, 13.-- Pedro Henríquez Ureña: lingüística y poesía, 41.-- Alfonso Reyes: poética y política de la traducción, 67.-- Los rechazos de Jorge Luis Borges, 91.-- Pablo Neruda: ¿Por o contra la poesía?, 115.-- El funcionamiento de los sagrado en la teoría poética de Octavio Paz, 153.-- Conclusión, 207.-- Bibliografía, 217.-- aInventariado, 2025/VM 4aEnsayos latinoamericanos xHistoria y crítica 4aPoesía hispanoamericanaxCrítica e interpretación aVMateo V. Control de calidad BPMSU 2ddccBK 00102ddc708CDaBPMETbBPMETd2025-06-24l0oBPMSU CD RD864.44 C422s 1983pBPMSU25060102r2025-06-24w2025-06-24yBK c15207d15207